00449 2200181 4500245005500000020002200055250001100077100001900088700001700107650001500124650002000139005001900159260003300178041001400211084001000225300002300235336000900258 aKomunikasi & Public RelationcKadar NurjamanhText a978-979-076-219-0 aCet. 1 aKadar Nurjaman aKhaerul Umam aKomunikasi aPublic Relation a20230120114610 aBandungbPustaka Setiac2012 aIndonesia a302.2 a402 hlm. :c24 cm. atext